[Event "AUT-ch U12 Girls"]
[Site "Fuerstenfeld"]
[Date "2024.05.31"]
[Round "3"]
[White "Donets, Alina"]
[Black "Langeder, Pia"]
[Result "1-0"]
[WhiteElo "1704"]
[BlackElo "1518"]
[PlyCount "171"]
[EventDate "2024.05.30"]
[EventType "swiss"]
[EventRounds "7"]
[EventCountry "AUT"]
[SourceTitle "CB23_2024"]
[SourceDate "2024.06.05"]
[SourceVersion "1"]
[SourceVersionDate "2024.06.05"]
[SourceQuality "1"]

1. e4 c5 2. Nf3 d6 3. Bb5+ Bd7 4. Bxd7+ Qxd7 5. 0-0 Nf6 6. Re1 e6 7. c3 Nc6 8. d4 cxd4 9. cxd4 Be7 10. Nc3 0-0 11. Bf4 Rfd8 12. a3 a6 13. Rc1 Na5 14. Nd2 b5 15. b4 Nb7 16. Nb3 Rac8 17. Qf3 Rc4 18. Nd2 Rc7 19. Rc2 Rdc8 20. Rec1 Qe8 21. Qe2 Nd8 22. Nb3 Rc4 23. Na5 R4c7 24. e5 dxe5 25. dxe5 Nd7 26. Ne4 Rxc2 27. Rxc2 Rxc2 28. Qxc2 Nb6 29. Be3 Nd5 30. Bc5 Bxc5 31. Nxc5 Nc6 32. Nxc6 Qxc6 33. Qd2 h6 34. h3 a5 35. Qd4 a4 36. Kh2 Kh7 37. Qd3+ g6 38. Qf3 Kg7 39. Ne4 Qc1 40. Nd6 Qf4+ 41. Qxf4 Nxf4 42. g3 Nd3 43. f4 g5 44. Nxb5 gxf4 45. gxf4 Nxf4 46. Nc3 Nd3 47. Nxa4 Nxe5 48. Nc3 f5 49. Kg3 Nd3 50. b5 f4+ 51. Kf3 e5 52. b6 Nc5 53. a4 Nb7 54. Ne4 Kg6 55. Kg4 h5+ 56. Kf3 Kf7 57. Nd6+ Nxd6 58. a5 e4+ 59. Kxf4 Ke7 60. a6 e3 61. Kxe3 Nc4+ 62. Kf4 Nxb6 63. Kg5 Kf7 64. Kxh5 Kg7 65. Kg5 Na8 66. Kf5 Kf7 67. h4 Nb6 68. Ke5 Ke7 69. h5 Na8 70. h6 Kf7 71. Kd6 Kg6 72. Kc6 Kxh6 73. Kb7 Nb6 74. Kxb6 Kg6 75. a7 Kg7 76. a8Q Kf7 77. Qd8 Ke6 78. Kc6 Kf7 79. Kd6 Kg6 80. Qf8 Kg5 81. Ke5 Kg6 82. Qf5+ Kg7 83. Qf6+ Kh7 84. Qg5 Kh8 85. Kf6 Kh7 86. Qg7# 1-0

[Event "AUT-ch U12 Girls"]
[Site "Fuerstenfeld"]
[Date "2024.05.30"]
[Round "2"]
[White "Dakshina Murthy, Megha Varshini"]
[Black "Donets, Alina"]
[Result "0-1"]
[WhiteElo "1474"]
[BlackElo "1704"]
[PlyCount "88"]
[EventDate "2024.05.30"]
[EventType "swiss"]
[EventRounds "7"]
[EventCountry "AUT"]
[SourceTitle "CB23_2024"]
[SourceDate "2024.06.05"]
[SourceVersion "1"]
[SourceVersionDate "2024.06.05"]
[SourceQuality "1"]

1. e4 e5 2. Nf3 Nc6 3. Bc4 Nf6 4. Ng5 d5 5. exd5 Nd4 6. c3 b5 7. Bf1 Nxd5 8. cxd4 Qxg5 9. Bxb5+ Kd8 10. 0-0 Bb7 11. Qf3 Rb8 12. Re1 Nb4 13. Qh3 Bc8 14. d3 Qxc1 15. Rxc1 Bxh3 16. Bc4 Be6 17. dxe5 Kc8 18. d4 Bxc4 19. Rxc4 Nd3 20. b3 Rb4 21. Nd2 Be7 22. Kf1 Rd8 23. Nf3 g5 24. h3 h5 25. g4 h4 26. Ke2 Nf4+ 27. Kf1 Nxh3 28. Rac1 Rxc4 29. Rxc4 Nf4 30. a4 Nd5 31. Nd2 Nb6 32. Rc3 Rxd4 33. Nf3 Rxg4 34. a5 Nd5 35. Rc1 Rf4 36. Ne1 g4 37. Nd3 Rf3 38. Ke2 Nf4+ 39. Nxf4 Rxf4 40. Rc4 Rxc4 41. bxc4 Bc5 42. Kf1 h3 43. a6 Kd7 44. Ke2 h2 0-1